000 00483nam a2200181Ia 4500
008 230718s9999 xx 000 0 und d
020 _a9789339212094
041 _aeng
082 _a005.2768
_bSCH
100 _aSchildt H.
245 _aJava
_bThe Complete Reference
250 _a9th ed.
260 _c2014
_bMcGraw Hill
300 _a1274
_dRef 1555 C (50685)
365 _cRs.
_b825.00
700 _aSchildt H.
906 _dO:0450626-Jun-2015B:24508-Jun-2015
_cCOMP
_b6682.5
999 _c339479
_d339479